Statistiques concernant Les pierres en fonction du mois de naissance - 2

Cliquez ici pour prendre le quiz!

Statistiques générales

  • Ce quiz a été pris 13 fois
  • Le résultat moyen est 7 sur 13

Statistiques - réponses

MoisPierres% Correct
MaiÉmeraude
100%
JuilletRubis
100%
FévrierAméthyste
80%
AvrilDiamant
80%
SeptembreSaphir
80%
MarsAigue-marine
40%
JuinPerle
40%
OctobreTourmaline
40%
NovembreCitrine
20%
JanvierGrenat
20%
AoûtPéridot
20%
DécembreTanzanite
20%
JanvierTsavorite
20%

Distribution des résultats

Percentile par nombre de réponses

% des personnes avec chaque résultat

Votre développement - résultats

Vous n’avez pas pris ce quiz